000 00539nam a2200217Ia 4500
003 OSt
005 20220918201939.0
006 a|||||r|||| 00| 0
007 ta
008 220917b |||||||| |||| 00| 0 eng d
024 _a97,651
037 _cTextual
040 _aARTS
_cARTS
_beng
041 _2eng
_aeng
082 _aV2:241:N7, K61-;1
245 0 _aCongress misrule and the swatantra alternative
260 _c1966
650 _aHISTORY
942 _hV2:241:N7, K61-;1
_cTEXL
_2CC
999 _c221246
_d221246